000
00286nam a22001217a 4500
041
_a
ENG
100
_a
Boyd .J.S
245
_a
Practical Farm Buildings A Text And Handbook
260
_a
lilllinois
_b
The Interstatate
_c
1973
300
_a
265
650
_a
APE
856
_u
APE ( 02 )
999
_c
1650
_d
1650